| 000 | 00361nam a22001217a 4500 | ||
|---|---|---|---|
| 999 |
_c1741 _d1741 |
||
| 005 | 20200903113319.0 | ||
| 008 | 200903b ||||| |||| 00| 0 eng d | ||
| 020 | _a0717508439 | ||
| 040 | _cCML | ||
| 245 |
_aPeople and Communication. _cCook, M.C. |
||
| 260 |
_aGreat Britain _bWilliams Clowes Ltd _c1981 |
||
| 942 |
_2ddc _cBK _e1st Edition _h615 _mCOO |
||